| 000 | 01207nam a2200325 i 4500 | ||
|---|---|---|---|
| 003 | EG-GICUC | ||
| 005 | 20260314093535.0 | ||
| 008 | 260128s1995 ua |||fr|||| 00| 0 ara d | ||
| 040 |
_a EG-GICUC _bara _c EG-GICUC _d EG-GICUC _erda |
||
| 041 | 0 | _aAra | |
| 082 | 0 | 4 |
_221 _a343 _bف ر . م |
| 092 | 0 | 4 | _221 |
| 099 | _aLaw1 10 343 ف ر . م 1995 | ||
| 100 | 0 |
_aفريد الزغبى _eمؤلف. |
|
| 245 | 1 | 2 |
_aالموسوعة الجزائية. _nالمجلد الأول، _pالمدخل إلى الحقوق والعلوم الجزائية / _bتأليف القاضى فريد الزغبى. |
| 250 | _aالطبعة الثالثة | ||
| 264 | 1 |
_aبيروت : _aلبنان : _bدار صادر، _c1995. |
|
| 300 |
_a429 صفحة؛ _c24 سم. |
||
| 336 |
_2rda content _atext |
||
| 337 |
_2rda media _aComputer |
||
| 338 |
_2rda carrier _aOnline Resource |
||
| 504 | _aببليوجرافيا: صفحات421. | ||
| 546 | _aالنص باللغة العربية | ||
| 650 | 1 |
_aالعلوم الجنائية _2qrmak |
|
| 650 | 1 |
_aالقانون الجنائى _2qrmak |
|
| 651 | 1 | _2qrmak | |
| 856 | 4 | 0 | _uhttps://fll.law.cu.edu.eg/fulltext/bks/B10-08720.pdf |
| 905 | _a54 | ||
| 942 |
_2ddc _cBK _e21 _n0 |
||
| 999 |
_c59939 _d59939 |
||